Bertrand Hervieu, Nonna Mayer, Pierre Muller, François Purseigle et Jacques Rémy eds., Les mondes agricoles en politique. De la fin des paysans au retour de la question agricole. Paris, Presses de la Fondation nationale des sciences politiques, 2010, 450 p. (notice n° 1623513)
[ vue normale ]
| 000 -LEADER | |
|---|---|
| fixed length control field | 00680cam a2200145 4500500 |
| 005 - DATE AND TIME OF LATEST TRANSACTION | |
| control field | 20260111092414.0 |
| 041 ## - LANGUAGE CODE | |
| Language code of text/sound track or separate title | fre |
| 042 ## - AUTHENTICATION CODE | |
| Authentication code | dc |
| 100 10 - MAIN ENTRY--PERSONAL NAME | |
| Personal name | Gaveau, Fabien |
| Relator term | author |
| 245 00 - TITLE STATEMENT | |
| Title | Bertrand Hervieu, Nonna Mayer, Pierre Muller, François Purseigle et Jacques Rémy eds., Les mondes agricoles en politique. De la fin des paysans au retour de la question agricole. Paris, Presses de la Fondation nationale des sciences politiques, 2010, 450 p. |
| 260 ## - PUBLICATION, DISTRIBUTION, ETC. | |
| Date of publication, distribution, etc. | 2012.<br/> |
| 500 ## - GENERAL NOTE | |
| General note | 53 |
| 786 0# - DATA SOURCE ENTRY | |
| Note | Études rurales | 189 | 1 | 2012-06-01 | p. 199b-207b | 0014-2182 |
| 856 41 - ELECTRONIC LOCATION AND ACCESS | |
| Uniform Resource Identifier | <a href="https://shs.cairn.info/revue-etudes-rurales-2012-1-page-199b?lang=fr&redirect-ssocas=7080">https://shs.cairn.info/revue-etudes-rurales-2012-1-page-199b?lang=fr&redirect-ssocas=7080</a> |
Pas d'exemplaire disponible.




Réseaux sociaux